02260nam a2200325 i 4500003000900000005001700009007000300026008004100029020001800070040003000088041000800118082001900126100005800145245019000203264005800393300004500451336002700496337003400523338002800557500006700585520076900652590002701421700004501448910000701493942001401500952013101514952013601645952013601781999001701917DO-SdBNP20250801111854.0ta250801b2024 xxua|||| |||| 00| 0 spa d a9798340907486 aDO-SdBNPbspacBNPHUerda aspa 4axxxbM828L222 aMorales Pérez, María Waleska eautor4aut.988190 aLulivi : bun mundo mágico de poemas y cuentos /cMaría Waleska Morales Pérez ; ilustración, Instituto Lingüísticos Dominicano ; edición y corrección, Rita Díaz Blanco aMiddletown, USA :b[editor no identificado] ;c2024. a61 páginas :bilustraciones ;c23 cm.  atextobtxt2rdacontent asin mediación bn2rdamedia avolumenbnc2rdacarrier aIncluye datos biográficos de la autora en la contracubierta. aCada poema es una melodía que celebra la belleza de la vida, la naturaleza y los sentimientos más profundos. A través de las palabras, podrán sentir el latido del corazón de la tierra, el susurro del viento y el calor del sol en sus mejillas. Estos poemas están escritos con el deseo de que encuentren consuelo y alegría en cada verso, y que descubran la poesía en su propio día a día. Los cuentos, por otro lado, son puertas a universos mágicos donde todo es posible. Viajarán con héroes valientes, conocerán criaturas fantásticas y aprenderán lecciones importantes sobre la amistad, el valor y la bondad. Cada historia está llena de personajes únicos que, como ustedes, enfrentan desafíos y descubren su fuerza interior.  aInventariado, 2025 /LP1 aDíaz Blanco, Rita,eeditor4ed.978109 aLP 2ddccLBS1 00102ddc51708CIJ-PDaBNPHUbBNPHUcHDd2025-04-04eDepósito Legall0oxxx M828Lp2025-7673r2025-08-01w2025-08-01yLBS1 00102ddc51708CIJ-PDaBNPHUbBNPHUcHDd2025-04-08eDepósito Legall0oxxx M828Lp2025-7674r2025-08-01te.2w2025-08-01yLBS1 00102ddc56708CIJ-PDaBNPHUbBNPHUcHDd2025-04-08eDepósito Legall0oxxx M828Lp2025-7675r2025-08-01te.3w2025-08-01yLBS1 c59703d59703